LOS POEMAS MALDITOS DEL OBISPO CASALDALIGA/

Gespeichert in:
Bibliographische Detailangaben
1. Verfasser: Cabestrero, Teófilo (autor)
Format: Buch
Ausgabe:2a edición
Schriftenreihe:TERCER MUNDO/ TERCERA IGLESIA 2
Schlagworte:
Tags: Tag hinzufügen
Keine Tags, Fügen Sie das erste Tag hinzu!

MARC

LEADER 00000nam^a2200000^a^4500
001 000213326
005 20250521000000.0
009 20260310103522.773
020 |a 84-330-0387-9 
035 |a 035901 
037 |a Acervo Xavier Clavigero 
082 |a 823.  |b CAB 
100 |a Cabestrero, Teófilo  |e (autor) 
245 1 4 |a LOS POEMAS MALDITOS DEL OBISPO CASALDALIGA/  |c TEOFILO CABESTRERO 
250 |a 2a edición 
264 |a París, Francia :  |b Desclée de Brouwer,  |c 1978 
300 |a 75p. 
336 |a texto  |b txt  |2 rdacontenido 
337 |a sin mediación  |b n  |2 rdamedio 
338 |a volumen  |b nc  |2 rdasoporte 
440 |a TERCER MUNDO/ TERCERA IGLESIA 2 
649 |a XX 
650 |a Espiritualidad 
910 |a Fondo General 
920 |a Impresos - Libros 
930 |a Colección General 
940 |a Literatura 
905 |a 101 
901 |a 035901  |b IT1  |c LIT  |i 035901  |u 20250521 
902 |a https://opac.biblio.iteso.mx/vufind/Record/000213326